<?xml version="1.0" encoding="UTF-8"?>
<record
    xmlns:xsi="http://www.w3.org/2001/XMLSchema-instance"
    xsi:schemaLocation="http://www.loc.gov/MARC21/slim http://www.loc.gov/standards/marcxml/schema/MARC21slim.xsd"
    xmlns="http://www.loc.gov/MARC21/slim">

  <leader>02158nam2a22003371  4500</leader>
  <controlfield tag="001">RU\NLR\A1SV\25320</controlfield>
  <controlfield tag="005">20251203152403.2</controlfield>
  <datafield tag="035" ind1=" " ind2=" ">
    <subfield code="a">(NLR Aleph) 009709661</subfield>
  </datafield>
  <datafield tag="090" ind1=" " ind2=" ">
    <subfield code="a">13478924</subfield>
    <subfield code="c">13478924</subfield>
  </datafield>
  <datafield tag="100" ind1=" " ind2=" ">
    <subfield code="a">19800421d1925    u  y0rusy50      ca</subfield>
  </datafield>
  <datafield tag="101" ind1="0" ind2=" ">
    <subfield code="a">rus</subfield>
  </datafield>
  <datafield tag="200" ind1="1" ind2=" ">
    <subfield code="a">&#x418;&#x441;&#x442;&#x43E;&#x440;&#x438;&#x44F; &#x430;&#x432;&#x438;&#x430;&#x446;&#x438;&#x438;</subfield>
    <subfield code="f">&#x412;.&#x412;&#x438;&#x448;&#x43D;&#x435;&#x432;</subfield>
    <subfield code="c">&#x412;&#x43E;&#x437;&#x434;&#x443;&#x445;&#x43E;&#x43F;&#x43B;&#x430;&#x432;&#x430;&#x43D;&#x438;&#x435;</subfield>
    <subfield code="f">&#x41D;.&#x428;&#x430;&#x431;&#x430;&#x448;&#x435;&#x432;</subfield>
    <subfield code="c">&#x412;&#x43E;&#x43F;&#x440;&#x43E;&#x441;&#x44B; &#x442;&#x430;&#x43A;&#x442;&#x438;&#x43A;&#x438; &#x432;&#x43E;&#x435;&#x43D;&#x43D;&#x43E;&#x433;&#x43E; &#x432;&#x43E;&#x437;&#x434;&#x443;&#x448;&#x43D;&#x43E;&#x433;&#x43E; &#x444;&#x43B;&#x43E;&#x442;&#x430;</subfield>
    <subfield code="f">&#x41D;.&#x42F;&#x446;&#x443;&#x43A;, &#x41C;.&#x421;&#x442;&#x440;&#x43E;&#x435;&#x432;</subfield>
    <subfield code="c">&#x412;&#x43E;&#x43E;&#x440;&#x443;&#x436;&#x435;&#x43D;&#x438;&#x435; &#x432;&#x43E;&#x437;&#x434;&#x443;&#x448;&#x43D;&#x43E;&#x433;&#x43E; &#x444;&#x43B;&#x43E;&#x442;&#x430;</subfield>
    <subfield code="f">&#x41D;.&#x41A;&#x443;&#x440;&#x431;&#x430;&#x442;&#x43E;&#x432;</subfield>
    <subfield code="c">&#x41F;&#x440;&#x438;&#x43D;&#x446;&#x438;&#x43F;&#x44B; &#x438; &#x43F;&#x440;&#x438;&#x446;&#x435;&#x43B;&#x44C;&#x43D;&#x44B;&#x435; &#x43F;&#x440;&#x438;&#x431;&#x43E;&#x440;&#x44B; &#x431;&#x43E;&#x43C;&#x431;&#x43E;&#x43C;&#x435;&#x442;&#x430;&#x43D;&#x438;&#x44F;</subfield>
    <subfield code="f">&#x410;.&#x416;&#x443;&#x440;&#x430;&#x432;&#x447;&#x435;&#x43D;&#x43A;&#x43E;</subfield>
    <subfield code="c">&#x410;&#x432;&#x438;&#x43E;&#x431;&#x43E;&#x43C;&#x431;&#x44B; &#x438; &#x431;&#x43E;&#x43C;&#x431;&#x43E;&#x434;&#x435;&#x440;&#x436;&#x430;&#x442;&#x435;&#x43B;&#x438;</subfield>
    <subfield code="f">&#x41C;.&#x41D;&#x438;&#x43A;&#x43E;&#x43B;&#x44C;&#x441;&#x43A;&#x438;&#x439;</subfield>
    <subfield code="c">&#x41D;&#x430;&#x438;&#x431;&#x43E;&#x43B;&#x435;&#x435; &#x443;&#x43F;&#x43E;&#x442;&#x440;&#x435;&#x431;&#x438;&#x442;&#x435;&#x43B;&#x44C;&#x43D;&#x44B;&#x435; &#x432;&#x43E;&#x435;&#x43D;&#x43D;&#x44B;&#x435; &#x442;&#x435;&#x440;&#x43C;&#x438;&#x43D;&#x44B;, &#x441;&#x443;&#x445;&#x43E;&#x43F;&#x443;&#x442;&#x43D;&#x44B;&#x435;, &#x43C;&#x43E;&#x440;&#x441;&#x43A;&#x438;&#x435; &#x438; &#x43B;&#x435;&#x442;&#x43D;&#x44B;&#x435;</subfield>
    <subfield code="f">&#x41D;.&#x421;&#x430;&#x43F;&#x43E;&#x436;&#x43D;&#x438;&#x43A;&#x43E;&#x432;, &#x41D;.&#x42F;&#x446;&#x443;&#x43A;, &#x41B;.&#x423;&#x441;&#x442;&#x44C;&#x44F;&#x43D;&#x446;&#x435;&#x432;</subfield>
  </datafield>
  <datafield tag="210" ind1=" " ind2=" ">
    <subfield code="d">1925</subfield>
  </datafield>
  <datafield tag="215" ind1=" " ind2=" ">
    <subfield code="a">[2], 430 &#x441;.</subfield>
    <subfield code="c">&#x438;&#x43B;.</subfield>
  </datafield>
  <datafield tag="320" ind1=" " ind2=" ">
    <subfield code="a">&#x411;&#x438;&#x431;&#x43B;&#x438;&#x43E;&#x433;&#x440;. / &#x41C;.&#x41D;&#x438;&#x43A;&#x43E;&#x43B;&#x44C;&#x441;&#x43A;&#x438;&#x439; (&#x421;.423-428)</subfield>
  </datafield>
  <datafield tag="461" ind1=" " ind2="1">
    <subfield code="1">001RU\NLR\A1SV\25319</subfield>
    <subfield code="1">2000#$v&#x422;.1</subfield>
    <subfield code="9">9827070</subfield>
    <subfield code="c">&#x41C;.</subfield>
    <subfield code="d">1925-1927</subfield>
    <subfield code="n">&#x410;&#x432;&#x438;&#x43E;&#x438;&#x437;&#x434;-&#x432;&#x43E;</subfield>
    <subfield code="o">&#x421;&#x431;. &#x441;&#x442;. &#x43F;&#x43E; &#x432;&#x43E;&#x43F;&#x440;&#x43E;&#x441;&#x430;&#x43C; &#x430;&#x432;&#x438;&#x430;&#x446;&#x438;&#x438; &#x438; &#x432;&#x43E;&#x437;&#x434;&#x443;&#x445;&#x43E;&#x43F;&#x43B;&#x430;&#x432;&#x430;&#x43D;&#x438;&#x44F;</subfield>
    <subfield code="t">&#x412;&#x43E;&#x437;&#x434;&#x443;&#x448;&#x43D;&#x44B;&#x439; &#x441;&#x43F;&#x440;&#x430;&#x432;&#x43E;&#x447;&#x43D;&#x438;&#x43A;</subfield>
    <subfield code="v">&#x422;.1</subfield>
  </datafield>
  <datafield tag="701" ind1=" " ind2="1">
    <subfield code="a">&#x412;&#x438;&#x448;&#x43D;&#x435;&#x432;</subfield>
    <subfield code="b">&#x412;.&#x41C;.</subfield>
    <subfield code="f">1891-1942</subfield>
    <subfield code="g">&#x412;&#x43B;&#x430;&#x434;&#x438;&#x43C;&#x438;&#x440; &#x41C;&#x438;&#x445;&#x430;&#x439;&#x43B;&#x43E;&#x432;&#x438;&#x447;</subfield>
    <subfield code="4">070</subfield>
  </datafield>
  <datafield tag="701" ind1=" " ind2="1">
    <subfield code="a">&#x428;&#x430;&#x431;&#x430;&#x448;&#x435;&#x432;</subfield>
    <subfield code="b">&#x41D;.&#x418;.</subfield>
    <subfield code="g">&#x41D;&#x438;&#x43A;&#x43E;&#x43B;&#x430;&#x439; &#x418;&#x432;&#x430;&#x43D;&#x43E;&#x432;&#x438;&#x447;</subfield>
    <subfield code="4">070</subfield>
  </datafield>
  <datafield tag="701" ind1=" " ind2="1">
    <subfield code="a">&#x42F;&#x446;&#x443;&#x43A;</subfield>
    <subfield code="b">&#x41D;.&#x410;.</subfield>
    <subfield code="f">1884-1930</subfield>
    <subfield code="g">&#x41D;&#x438;&#x43A;&#x43E;&#x43B;&#x430;&#x439; &#x410;&#x43B;&#x435;&#x43A;&#x441;&#x430;&#x43D;&#x434;&#x440;&#x43E;&#x432;&#x438;&#x447;</subfield>
    <subfield code="4">070</subfield>
  </datafield>
  <datafield tag="701" ind1=" " ind2="1">
    <subfield code="a">&#x421;&#x442;&#x440;&#x43E;&#x435;&#x432;</subfield>
    <subfield code="b">&#x41C;.&#x41F;.</subfield>
    <subfield code="f">1887-</subfield>
    <subfield code="g">&#x41C;&#x438;&#x445;&#x430;&#x438;&#x43B; &#x41F;&#x430;&#x432;&#x43B;&#x43E;&#x432;&#x438;&#x447;</subfield>
    <subfield code="4">070</subfield>
  </datafield>
  <datafield tag="701" ind1=" " ind2="1">
    <subfield code="a">&#x41A;&#x443;&#x440;&#x431;&#x430;&#x442;&#x43E;&#x432;</subfield>
    <subfield code="b">&#x41D;.&#x41D;.</subfield>
    <subfield code="f">1886-1937?</subfield>
    <subfield code="g">&#x41D;&#x438;&#x43A;&#x43E;&#x43B;&#x430;&#x439; &#x41D;&#x438;&#x43A;&#x43E;&#x43B;&#x430;&#x435;&#x432;&#x438;&#x447;</subfield>
    <subfield code="4">070</subfield>
  </datafield>
  <datafield tag="701" ind1=" " ind2="1">
    <subfield code="a">&#x416;&#x443;&#x440;&#x430;&#x432;&#x447;&#x435;&#x43D;&#x43A;&#x43E;</subfield>
    <subfield code="b">&#x410;.&#x41D;.</subfield>
    <subfield code="f">1884-</subfield>
    <subfield code="g">&#x410;&#x43B;&#x435;&#x43A;&#x441;&#x430;&#x43D;&#x434;&#x440; &#x41D;&#x438;&#x43A;&#x43E;&#x43B;&#x430;&#x435;&#x432;&#x438;&#x447;</subfield>
    <subfield code="4">070</subfield>
  </datafield>
  <datafield tag="701" ind1=" " ind2="1">
    <subfield code="a">&#x41D;&#x438;&#x43A;&#x43E;&#x43B;&#x44C;&#x441;&#x43A;&#x438;&#x439;</subfield>
    <subfield code="b">&#x41C;.</subfield>
    <subfield code="4">070</subfield>
  </datafield>
  <datafield tag="701" ind1=" " ind2="1">
    <subfield code="a">&#x421;&#x430;&#x43F;&#x43E;&#x436;&#x43D;&#x438;&#x43A;&#x43E;&#x432;</subfield>
    <subfield code="b">&#x41D;.&#x41F;.</subfield>
    <subfield code="f">1874-1938</subfield>
    <subfield code="g">&#x41D;&#x438;&#x43A;&#x43E;&#x43B;&#x430;&#x439; &#x41F;&#x430;&#x432;&#x43B;&#x43E;&#x432;&#x438;&#x447;</subfield>
    <subfield code="4">070</subfield>
  </datafield>
  <datafield tag="701" ind1=" " ind2="1">
    <subfield code="a">&#x423;&#x441;&#x442;&#x44C;&#x44F;&#x43D;&#x446;&#x435;&#x432;</subfield>
    <subfield code="b">&#x41B;.&#x413;.</subfield>
    <subfield code="g">&#x41B;&#x435;&#x43E;&#x43D;&#x438;&#x434; &#x413;.</subfield>
    <subfield code="4">070</subfield>
  </datafield>
  <datafield tag="801" ind1=" " ind2="0">
    <subfield code="a">RU</subfield>
    <subfield code="b">NLR</subfield>
    <subfield code="c">19800421</subfield>
  </datafield>
  <datafield tag="899" ind1=" " ind2=" ">
    <subfield code="a">&#x420;&#x41D;&#x411;</subfield>
    <subfield code="j">19/275-1</subfield>
  </datafield>
  <datafield tag="942" ind1=" " ind2=" ">
    <subfield code="c">BOOK</subfield>
  </datafield>
  <datafield tag="980" ind1=" " ind2=" ">
    <subfield code="a">A1SV</subfield>
  </datafield>
  <datafield tag="980" ind1=" " ind2=" ">
    <subfield code="a">NB</subfield>
  </datafield>
</record>
